01309cam a2200289 a 450000100090000000300060000900500170001500800410003201000130007302000150008602000180010104000970011905000240021608200230024010000190026324500800028224600340036226001270039630000330052350400600055665000350061665000480065165000170069965000380071665000300075477602350078420799827OCoLC20190821155626.0891204s1990 enka b 001 0 eng  a89070688 a0471926515 a9780471926511 aDNLM/DLCbengcDLCdSOSdNLMdUKMdUBAdBAKERdBTCTAdYDXCPdDEBBGdOCLCQdBDXdGBVCPdOCLCF00aRC78.7.U4bF48 1990 223a616.07543bFPP1 aFish, Peter J.10aPhysics and instrumentation of diagnostic medical ultrasound /cPeter Fish.3 aDiagnostic medical ultrasound aChichester ;aNew York :bWiley ;aNew York, NY, USA :bDistributed in the U.S.A., Canada, and Japan by A.R. Liss,cc1990. aix, 250 p. :bill. ;c25 cm. aIncludes bibliographical references (p. 245) and index. 0aDiagnostic ultrasonic imaging. 0aDiagnostic ultrasonic imagingxInstruments. 2aUltrasonics. 2aUltrasonographyxinstrumentation. 2aUltrasonographyxmethods.08iOnline version:aFish, Peter J.tPhysics and instrumentation of diagnostic medical ultrasound.dChichester ; New York : Wiley ; New York, NY, USA : Distributed in the U.S.A., Canada, and Japan by A.R. Liss, c1990w(OCoLC)644199707